000 00693nam a2200217Ii 4500
003 JO-AjNU
008 230605s9999||||xx |||||||||||||| ||und||
017 _a2004/4/1029
040 _aJO-AjNU
_bara
_erda
_cJO-AjNU
041 _aara
050 1 4 _aBF637.2004
100 3 _aأبا زيد،محمد عبد الرحمن,
_eauthor
_98111
245 0 0 _aكيف تقرأ أفكار الآخرين : لغة الجسم
250 _aط1
264 3 1 _aعمان:دار الخليج للنشر والتوزيع،2004
300 _a88ص
336 _atext
_btxt
_2rdacontent
337 _aunmediated
_bn
_2rdamedia
338 _avolume
_bnc
_2rdacarrier
650 4 _aعلم النفس-السلوك
_98112
999 _aA621
_c4189
_d4189